| 000 | 00969cam a22002775a 4500 | ||
|---|---|---|---|
| 001 | 15534287 | ||
| 005 | 20090803152616.0 | ||
| 008 | 081125s2008 nyu 000 0 eng | ||
| 010 | _a 2008942386 | ||
| 020 | _a9781848820494 (hardcover) | ||
| 040 |
_aDLC _cDLC |
||
| 082 |
_221 _a005.133 _bREG |
||
| 100 | 1 |
_aReghizzi, Stefano Crespi. _911473 |
|
| 245 | 1 | 0 |
_aFormal languages and compilation / _cStefano Crespi Reghizzi. |
| 250 | _a1st ed. | ||
| 260 |
_aNew York : _bSpringer, _cc.2008. |
||
| 263 | _a0812 | ||
| 300 |
_a364p: _bill; _c25 cm. |
||
| 490 | 0 | _aTexts in computer science | |
| 500 | _aIncludes Index. | ||
| 650 |
_aProgramming languages (Electronic computers) _911474 |
||
| 650 |
_aUnderstanding computers. _911475 |
||
| 942 |
_2ddc _cBB |
||
| 999 |
_c13412 _d13412 |
||